| 000 | 00948nam a2200241Ia 4500 | ||
|---|---|---|---|
| 003 | GCL | ||
| 005 | 20240530105110.0 | ||
| 008 | 140319s9999 xx 000 0 ara d | ||
| 040 |
_aGCL / _cGCL |
||
| 082 | 0 | 4 |
_a189 _bم ن |
| 100 | 1 | _aمحمد عابد الجابرى | |
| 245 | 1 | 0 |
_aنقد العقل العربى : _bمج 1 تكوين العقل العربى : مج 2 بنية العقل العربى : مج 3 العقل السياسى العربى / _cمحمد عابد الجابرى |
| 260 |
_aبيروت : _bالمركز الثقافى العربى ، _c1991 |
||
| 300 |
_aمتعدد ؛ _c24سم |
||
| 490 |
_aنقد العقل العربى _v0 |
||
| 650 | 0 | 4 | _aالثقافة الاسلامية |
| 650 | 0 | 4 | _aالثقافة العربية |
| 650 | 0 | 4 | _aنظرية الحكم فىالاسلام |
| 650 | 0 | 4 | _aالسببية |
| 650 | 0 | 4 | _aالاسلام والسياسة |
| 650 | 0 | 4 | _aالتقدم الحضارى |
| 942 |
_2ddc _cBK |
||
| 999 |
_c53141 _d53141 |
||